| 000 | 00473nam a22001697a 4500 | ||
|---|---|---|---|
| 008 | 230322b |||||||| |||| 00| 0 eng d | ||
| 020 | _a8120300270 | ||
| 040 |
_aNational Science Library _cNational Science Library |
||
| 080 |
_a658 _bN7 |
||
| 100 | _aGopalakrishnan, P | ||
| 245 |
_aMaterials management: _bAn integrated approach |
||
| 260 |
_aNew Delhi: _bPrentice Hall, _c1997 |
||
| 300 | _a265p. | ||
| 650 | _aManagement | ||
| 653 | _aIndustry | ||
| 942 |
_2udc _cREF |
||
| 999 |
_c12464 _d12464 |
||